[Event "POL-chT 1st League"]
[Site "Szklarska Poreba"]
[Date "2021.09.08"]
[Round "5.5"]
[White "Skawinski, Arkadiusz"]
[Black "Bobula, Mateusz"]
[Result "1-0"]
[WhiteElo "2359"]
[BlackElo "2329"]
[PlyCount "48"]
[EventDate "2021.09.04"]
[EventType "team-swiss"]
[EventRounds "9"]
[EventCountry "POL"]
[SourceTitle "CBM 204 Extra"]
[Source "ChessBase"]
[SourceDate "2021.11.30"]
[SourceVersion "1"]
[SourceVersionDate "2021.11.30"]
[SourceQuality "1"]
[WhiteTeam "Wisznia Mala Bialy Krol"]
[BlackTeam "Sedziszow Malopolski"]
[WhiteTeamCountry "POL"]
[BlackTeamCountry "POL"]

1. e4 e6 2. d4 d5 3. Nc3 Nf6 4. Bg5 Bb4 5. e5 h6 6. Bd2 Bxc3 7. bxc3 Ne4 8. Bc1 c5 9. Ne2 Qa5 10. f3 Nxc3 11. Qd2 cxd4 12. Nxd4 Qc5 13. a4 Bd7 14. Ba3 Qc8 15. Bb4 Nxa4 16. Nb5 Bxb5 17. Bxb5+ Nc6 18. Bxa4 a6 19. Bxc6+ Qxc6 20. 0-0 Rc8 21. Rf2 Qb6 22. Bd6 Rc4 23. g3 Kd7 24. Kg2 Rhc8 1-0

[Event "POL-chT 2nd League"]
[Site "Poronin"]
[Date "2020.09.08"]
[Round "4.3"]
[White "Stachowiak, Kamil"]
[Black "Bobula, Mateusz"]
[Result "1-0"]
[WhiteElo "2461"]
[BlackElo "2330"]
[PlyCount "93"]
[EventDate "2020.09.05"]
[EventType "team-swiss"]
[EventRounds "9"]
[EventCountry "POL"]
[SourceTitle "CBM 198 Extra"]
[Source "ChessBase"]
[SourceDate "2020.11.30"]
[SourceVersion "1"]
[SourceVersionDate "2020.11.30"]
[SourceQuality "1"]
[WhiteTeam "Wroclaw Polonia"]
[BlackTeam "Sedziszow Spoldzielczy"]
[WhiteTeamCountry "POL"]
[BlackTeamCountry "POL"]

1. d4 d5 2. Nf3 Nf6 3. c4 c6 4. Nc3 e6 5. Bg5 h6 6. Bxf6 Qxf6 7. e3 Nd7 8. Bd3 dxc4 9. Bxc4 g6 10. 0-0 Qe7 11. e4 Bg7 12. e5 0-0 13. Qe2 b6 14. Rfe1 Bb7 15. Ba6 Rab8 16. Bxb7 Rxb7 17. a3 Rd8 18. Rac1 Nb8 19. Ne4 Rbd7 20. Nd6 Bf8 21. Nd2 Qh4 22. N2e4 Be7 23. g3 Qh3 24. g4 h5 25. gxh5 Qxh5 26. Qxh5 gxh5 27. Kh1 Bxd6 28. Nf6+ Kf8 29. Nxd7+ Rxd7 30. exd6 Rxd6 31. Re5 f5 32. d5 Rxd5 33. Rxe6 Rd2 34. Rce1 Kf7 35. R1e2 Rxe2 36. Rxe2 c5 37. Kg2 Nc6 38. Kg3 Nd4 39. Re5 Kf6 40. Re8 a5 41. a4 Nc6 42. Rh8 Ke5 43. Rxh5 Nb4 44. Rh6 Nd5 45. h4 c4 46. Rc6 Kd4 47. h5 1-0

[Event "POL-chT 2nd League"]
[Site "Jastrzebia Gora"]
[Date "2019.09.12"]
[Round "6.2"]
[White "Oglaza, Oskar"]
[Black "Bobula, Mateusz"]
[Result "1/2-1/2"]
[WhiteElo "2351"]
[BlackElo "2326"]
[PlyCount "30"]
[EventDate "2019.09.07"]
[EventType "team-swiss"]
[EventRounds "9"]
[EventCountry "POL"]
[SourceTitle "EXT 2020"]
[Source "ChessBase"]
[SourceDate "2019.10.17"]
[SourceVersion "1"]
[SourceVersionDate "2019.10.17"]
[SourceQuality "1"]
[WhiteTeam "Rodlo Opole"]
[BlackTeam "Sedziszow Malopolski"]
[WhiteTeamCountry "POL"]
[BlackTeamCountry "POL"]

1. e4 e6 2. d4 d5 3. Nc3 Bb4 4. Qd3 dxe4 5. Qxe4 Nf6 6. Qh4 Nbd7 7. Bd2 b6 8. 0-0-0 Bb7 9. f3 Nd5 10. Qe1 Nxc3 11. Bxc3 Bxc3 12. Qxc3 0-0 13. Nh3 Rc8 14. Bd3 Qf6 15. Rhe1 c5 1/2-1/2

[Event "NATO-ch 29th"]
[Site "Lubbock"]
[Date "2018.06.06"]
[Round "4"]
[White "Bobula, Mateusz"]
[Black "Kraft, Chip"]
[Result "1/2-1/2"]
[WhiteElo "2347"]
[BlackElo "1950"]
[PlyCount "73"]
[EventDate "2018.06.04"]
[EventType "swiss"]
[EventRounds "7"]
[EventCountry "USA"]
[SourceTitle "EXT 2019"]
[Source "ChessBase"]
[SourceDate "2018.10.10"]
[SourceVersion "1"]
[SourceVersionDate "2018.10.10"]
[SourceQuality "1"]

1. d4 Nf6 2. Nf3 g6 3. c4 Bg7 4. g3 d6 5. Bg2 0-0 6. 0-0 Bg4 7. Nc3 Nc6 8. h3 Bxf3 9. Bxf3 Nd7 10. e3 e5 11. d5 Ne7 12. e4 f5 13. Bg2 Nc5 14. exf5 gxf5 15. Be3 Nd7 16. f4 Ng6 17. fxe5 Ngxe5 18. Qb3 b6 19. Ne2 Qe7 20. Bd4 Nc5 21. Qc2 Rae8 22. Bxc5 bxc5 23. Nf4 Rb8 24. Rab1 Rf7 25. b3 Ng6 26. Ne6 Be5 27. Rxf5 Rxf5 28. Qxf5 Bxg3 29. Be4 Be5 30. Kh1 a5 31. Rg1 Kh8 32. Qg5 Qxg5 33. Rxg5 a4 34. Rh5 axb3 35. axb3 Kg8 36. Bc2 Ra8 37. Bxg6 1/2-1/2

[Event "Titled Tuesday intern op 7th March"]
[Site "Chess.com INT"]
[Date "2017.03.07"]
[Round "1"]
[White "Bobula, Mateusz"]
[Black "Kryakvin, Dmitry"]
[Result "0-1"]
[WhiteElo "2352"]
[BlackElo "2554"]
[PlyCount "118"]
[EventDate "2017.03.07"]
[EventType "swiss (blitz)"]
[EventRounds "11"]
[EventCountry "USA"]
[SourceTitle "EXT 2021"]
[Source "ChessBase"]
[SourceDate "2020.10.23"]
[SourceVersion "1"]
[SourceVersionDate "2020.10.23"]
[SourceQuality "1"]

1. d4 Nf6 2. c4 g6 3. Nf3 Bg7 4. g3 0-0 5. Bg2 d6 6. 0-0 Nc6 7. Nc3 Bg4 8. h3 Bxf3 9. Bxf3 Nd7 10. e3 e5 11. d5 Ne7 12. e4 f5 13. Bg2 Nf6 14. Bg5 h6 15. Bd2 g5 16. f4 exf4 17. gxf4 gxf4 18. Bxf4 fxe4 19. Nxe4 Ng6 20. Bg3 Nxe4 21. Bxe4 Qg5 22. Qg4 Qxg4 23. hxg4 Ne5 24. Bxe5 Bxe5 25. Rab1 Rxf1+ 26. Rxf1 Bxb2 27. Rb1 Bd4+ 28. Kg2 Re8 29. Kf3 b6 30. Rd1 Bf6 31. Bf5 Re5 32. Be6+ Kg7 33. Rf1 Bg5 34. Rf2 Kg6 35. Re2 Kf6 36. Re4 Bc1 37. Bg8 Rg5 38. Re8 h5 39. gxh5 Rxh5 40. Rc8 Rh3+ 41. Ke2 Ra3 42. Rxc7 Rxa2+ 43. Kd3 Bf4 44. Rf7+ Kg5 45. Rf8 Be5 46. Be6 a5 47. Bd7 a4 48. Rf5+ Kg6 49. Rf8 a3 50. Ra8 Ra1 51. Ba4 Rh1 52. Bc2 Rh3+ 53. Kd2+ Kf6 54. Bd3 Rh2+ 55. Be2 Bb2 56. Ra6 Ke5 57. Kd3 Rh3+ 58. Kc2 Kd4 59. Rxb6 Rh2 0-1

[Event "Titled Tuesday intern op 7th March"]
[Site "Chess.com INT"]
[Date "2017.03.07"]
[Round "5"]
[White "Eden, James"]
[Black "Bobula, Mateusz"]
[Result "1-0"]
[WhiteElo "2350"]
[BlackElo "2352"]
[PlyCount "69"]
[EventDate "2017.03.07"]
[EventType "swiss (blitz)"]
[EventRounds "11"]
[EventCountry "USA"]
[SourceTitle "EXT 2021"]
[Source "ChessBase"]
[SourceDate "2020.10.23"]
[SourceVersion "1"]
[SourceVersionDate "2020.10.23"]
[SourceQuality "1"]

1. e4 e6 2. d4 d5 3. Nc3 Bb4 4. e5 c5 5. a3 Bxc3+ 6. bxc3 Ne7 7. Qg4 0-0 8. h4 Nbc6 9. Nh3 f5 10. exf6 Rxf6 11. Bg5 e5 12. Qd1 Rf5 13. Bd3 e4 14. Be2 Qa5 15. 0-0 Qxc3 16. Bg4 Rf8 17. dxc5 Qxc5 18. Nf4 h6 19. Be6+ Kh8 20. Qh5 Rxf4 21. Bxc8 d4 22. Qe8+ Kh7 23. Bxf4 Rxc8 24. Qf7 Qxc2 25. Rac1 Qb2 26. Rb1 Qxa3 27. Rxb7 Qc5 28. Rc1 Qf5 29. Rxe7 Nxe7 30. Qxf5+ Nxf5 31. Rxc8 d3 32. Re8 Nd4 33. Rxe4 Ne2+ 34. Kf1 d2 35. Kxe2 1-0

[Event "Saint Louis CCSCSL IM"]
[Site "Saint Louis"]
[Date "2014.11.24"]
[Round "8"]
[White "Bobula, Mateusz"]
[Black "De Rosa, Mariagrazia"]
[Result "1-0"]
[WhiteElo "2368"]
[BlackElo "2126"]
[PlyCount "97"]
[EventDate "2014.11.21"]
[EventType "tourn"]
[EventRounds "9"]
[EventCountry "USA"]
[EventCategory "2"]
[SourceTitle "CBM 163 Extra"]
[Source "ChessBase"]
[SourceDate "2014.12.23"]
[SourceVersion "1"]
[SourceVersionDate "2014.12.23"]
[SourceQuality "1"]

1. d4 Nf6 2. c4 g6 3. Nf3 Bg7 4. g3 0-0 5. Bg2 d6 6. 0-0 Nc6 7. Nc3 Bf5 8. b3 Ne4 9. Bb2 Nxc3 10. Bxc3 Be4 11. e3 d5 12. Nd2 Bxg2 13. Kxg2 e5 14. cxd5 exd4 15. dxc6 dxc3 16. cxb7 Rb8 17. Ne4 c2 18. Qxd8 Rfxd8 19. Rac1 f5 20. Ng5 Rd2 21. Nf3 Re2 22. Rfe1 Rxe1 23. Nxe1 Rxb7 24. Rxc2 Kf7 25. Nd3 Ke7 26. Kf3 Kd6 27. Nf4 c6 28. Rd2+ Ke7 29. h4 a5 30. Nd3 Rb5 31. Rc2 Kd6 32. Nb2 Bf6 33. Na4 Be5 34. g4 fxg4+ 35. Kxg4 Bf6 36. f4 Rh5 37. Rh2 Kd5 38. Nb6+ Ke4 39. Nc4 a4 40. bxa4 Kd3 41. Nd6 Kxe3 42. f5 Kd4 43. a5 Kd5 44. Rd2+ Ke5 45. Nf7+ Ke4 46. Ng5+ Ke3 47. a6 h6 48. fxg6 hxg5 49. Kxh5 1-0

[Event "Warsaw YMCA 95th"]
[Site "Warsaw"]
[Date "2011.12.02"]
[Round "9"]
[White "Bobula, Mateusz"]
[Black "Adamski, Andrzej"]
[Result "1/2-1/2"]
[WhiteElo "2379"]
[BlackElo "2255"]
[PlyCount "98"]
[EventDate "2011.09.30"]
[EventType "tourn"]
[EventRounds "11"]
[EventCountry "POL"]
[EventCategory "3"]
[SourceTitle "EXT 2014"]
[Source "ChessBase"]
[SourceDate "2013.11.20"]
[SourceVersion "1"]
[SourceVersionDate "2013.11.20"]
[SourceQuality "1"]

1. d4 Nf6 2. c4 e6 3. Nc3 d5 4. Bg5 Be7 5. Nf3 a6 6. cxd5 exd5 7. Qc2 0-0 8. e3 h6 9. Bh4 Be6 10. Be2 Nbd7 11. 0-0 Rc8 12. Rad1 c6 13. Ne5 Nxe5 14. dxe5 Nd7 15. Bxe7 Qxe7 16. f4 f5 17. exf6 Nxf6 18. Bf3 Rce8 19. Rde1 Qc5 20. Kh1 Rf7 21. a3 a5 22. e4 dxe4 23. Bxe4 Nxe4 24. Rxe4 Rfe7 25. Re5 Qd4 26. Qe2 Qc4 27. Qf2 Bf7 28. Rxa5 b5 29. f5 Re5 30. Ra7 Qd3 31. h3 Rf8 32. f6 g5 33. Re7 Bc4 34. Rxe5 Qxf1+ 35. Qxf1 Bxf1 36. Re6 c5 37. Ne4 Bc4 38. Rd6 Re8 39. Nxc5 Kf7 40. b3 Re5 41. bxc4 Rxc5 42. cxb5 Rxb5 43. Ra6 h5 44. Kg1 Rb2 45. h4 gxh4 46. Kh2 Rb3 47. a4 Ra3 48. a5 Kg6 49. Kg1 Ra2 1/2-1/2

[Event "Warsaw YMCA 95th"]
[Site "Warsaw"]
[Date "2011.12.02"]
[Round "10"]
[White "Chalupnik, Marcin"]
[Black "Bobula, Mateusz"]
[Result "1-0"]
[WhiteElo "2236"]
[BlackElo "2379"]
[PlyCount "47"]
[EventDate "2011.09.30"]
[EventType "tourn"]
[EventRounds "11"]
[EventCountry "POL"]
[EventCategory "3"]
[SourceTitle "EXT 2014"]
[Source "ChessBase"]
[SourceDate "2013.11.20"]
[SourceVersion "1"]
[SourceVersionDate "2013.11.20"]
[SourceQuality "1"]

1. c4 e6 2. g3 d5 3. Bg2 c5 4. Nf3 Nc6 5. 0-0 Nf6 6. b3 Be7 7. Bb2 0-0 8. e3 b6 9. Nc3 Bb7 10. cxd5 Nxd5 11. Nxd5 Qxd5 12. d4 Rfd8 13. Ne5 Qd6 14. Qh5 g6 15. Qf3 Nxe5 16. Qxb7 Nd3 17. Bc3 cxd4 18. Bxd4 e5 19. Rad1 Nb4 20. Bc3 Qxd1 21. Qxe7 Nxa2 22. Bxa8 Qd3 23. Bxe5 Rxa8 24. Qf6 1-0

[Event "Warsaw YMCA 95th"]
[Site "Warsaw"]
[Date "2011.11.18"]
[Round "7"]
[White "Bobula, Mateusz"]
[Black "Kosiorek, Marek"]
[Result "0-1"]
[WhiteElo "2379"]
[BlackElo "2355"]
[PlyCount "50"]
[EventDate "2011.09.30"]
[EventType "tourn"]
[EventRounds "11"]
[EventCountry "POL"]
[EventCategory "3"]
[SourceTitle "EXT 2014"]
[Source "ChessBase"]
[SourceDate "2013.11.20"]
[SourceVersion "1"]
[SourceVersionDate "2013.11.20"]
[SourceQuality "1"]

1. d4 g6 2. c4 Bg7 3. Nf3 Nf6 4. g3 c5 5. Bg2 cxd4 6. Nxd4 Nc6 7. 0-0 Qb6 8. Nc2 Qc5 9. Nba3 0-0 10. b4 Qh5 11. h4 d6 12. Bb2 g5 13. Bf3 Qg6 14. hxg5 Qxg5 15. Qc1 Qg6 16. Nb5 Bh3 17. Rd1 Bh6 18. e3 Rac8 19. Ncd4 Ne5 20. Bxb7 Rxc4 21. Qd2 Ne4 22. Bxe4 Qxe4 23. f4 a6 24. Nc3 Qb7 25. fxe5 Bxe3+ 0-1

[Event "Warsaw YMCA 85th"]
[Site "Warsaw"]
[Date "2011.02.25"]
[Round "8"]
[White "Bobula, Mateusz"]
[Black "Malec, Sebastian"]
[Result "1-0"]
[WhiteElo "2393"]
[BlackElo "2214"]
[PlyCount "61"]
[EventDate "2011.01.07"]
[EventType "tourn"]
[EventRounds "9"]
[EventCountry "POL"]
[EventCategory "3"]
[SourceTitle "EXT 2012"]
[Source "ChessBase"]
[SourceDate "2011.11.24"]
[SourceVersion "1"]
[SourceVersionDate "2011.11.24"]
[SourceQuality "1"]

1. d4 Nf6 2. c4 e6 3. g3 d5 4. Nf3 Be7 5. Bg2 0-0 6. 0-0 c6 7. Qc2 a5 8. Nbd2 b5 9. c5 Nbd7 10. e4 dxe4 11. Nxe4 Nxe4 12. Qxe4 Nf6 13. Qc2 Nd5 14. h4 f6 15. Re1 Re8 16. Bd2 Bf8 17. Re2 Ra7 18. Rae1 Rae7 19. h5 b4 20. Bh3 Nc7 21. Bf4 Nb5 22. Qc4 Qd7 23. Bf5 Kh8 24. Bc2 Qd5 25. Qd3 Qxh5 26. Kg2 g5 27. Bxg5 fxg5 28. Rh1 Qf7 29. Nxg5 Qf6 30. Nxh7 Qf5 31. Qe3 1-0

[Event "Krakow op 21st"]
[Site "Krakow"]
[Date "2011.01.02"]
[Round "6"]
[White "Lach, Aleksandra"]
[Black "Bobula, Mateusz"]
[Result "1/2-1/2"]
[WhiteElo "2206"]
[BlackElo "2393"]
[PlyCount "138"]
[EventDate "2010.12.27"]
[EventType "swiss"]
[EventRounds "9"]
[EventCountry "POL"]
[SourceTitle "CBM 140 Extra"]
[Source "ChessBase"]
[SourceDate "2011.03.01"]
[SourceVersion "1"]
[SourceVersionDate "2011.03.01"]
[SourceQuality "1"]

1. e4 e6 2. d4 d5 3. Nd2 c5 4. exd5 exd5 5. Ngf3 Nf6 6. Bb5+ Bd7 7. Bxd7+ Nbxd7 8. 0-0 Be7 9. Re1 0-0 10. Nf1 Re8 11. dxc5 Nxc5 12. Be3 Rc8 13. c3 a5 14. Bd4 Ne6 15. Qb3 Nxd4 16. Nxd4 Qd7 17. Ne3 a4 18. Qc2 a3 19. bxa3 Bxa3 20. Qb3 Bc5 21. Red1 Re5 22. Rab1 b6 23. Rd3 Ng4 24. Nec2 Rg5 25. Rbd1 Qd6 26. g3 Rh5 27. Ne3 Nxe3 28. Rxe3 Qh6 29. h4 Qg6 30. Rf3 Re8 31. Qa4 Rhe5 32. Kg2 h6 33. Qd7 Rf8 34. a4 Qe4 35. Nc6 Re6 36. Nd4 Rf6 37. Rdd3 Bxd4 38. cxd4 Rxf3 39. Rxf3 Qxd4 40. Rf5 Qe4+ 41. Kh2 Qd4 42. Kg2 Qe4+ 43. Kh2 Qc2 44. Rf4 Qb3 45. Kg2 f5 46. Rd4 Ra8 47. Qxf5 Rxa4 48. Qe6+ Kh7 49. Qf5+ Kg8 50. Rxd5 Ra8 51. Rb5 Qf7 52. Qxf7+ Kxf7 53. Rxb6 h5 54. Rb4 Ra3 55. Rf4+ Kg6 56. Rb4 Kf6 57. Rf4+ Kg6 58. f3 Ra2+ 59. Kh3 Ra3 60. g4 hxg4+ 61. Kxg4 Ra5 62. Rb4 Ra6 63. f4 Kf6 64. h5 Rc6 65. Rb5 Rc1 66. Rb6+ Kf7 67. Kg5 Rc5+ 68. f5 Rc1 69. Rb7+ Kg8 1/2-1/2